Quiz sur la France - Statistiques

Statistiques générales
  • Ce quiz a été pris 1 203 fois
  • Le résultat moyen est 14 sur 22
Statistiques - réponses
Hint Réponse % Correct
Capitale Paris
100%
Langue officielle (facile) Français
92%
Territoire Français situéen Amérique du Sud Guyane
90%
Pays frontalier le plus grand (sans outre-mer) Espagne
89%
Président français (à partir de 2017) Emmanuel Macron
88%
Empereur né en Corse ayantpermis de rendre la France puissante Napoléon
88%
La France est le plus grand pays d'Europe (sans le Groenland). Vrai ou faux ? Faux
86%
Pays qui a vaincu la France en finale de coupe dumonde de Football en 2022 Argentine
85%
Type de pain français Baguette
85%
Le nom du Roi-Soleil Louis XIV
78%
Duo musical français célèbre dont les deux membres portent des casques Daft Punk
75%
C'est quoi déjà le nom du quiz ? Quiz sur la France
74%
Date de la Prise de la Bastille 14 juillet 1789
70%
La France est le pays leplus ______ au monde Visité
52%
Pendant la Seconde Guerre mondiale, il y enavaient deux : l'Occupée et la Libre Zone
45%
Capitale de ce territoire Cayenne
40%
Le croissant vient en réalité de ce pays Autriche
36%
Archipel qui revendique le département d'outre-merde Mayotte Comores
32%
La France en a remporté le plus Batailles
23%
Marseille est la cité des ... Phocéens
20%
Particuliarité du drapeau français de 1830 Blanc
19%
Ancienne colonie française autrefoisappelée "Haute-Volta" Burkina Faso
16%
Aucun quiz correspondant
Distribution des résultats
% des personnes avec chaque résultat
Percentile par nombre de réponses
Votre historique - résultats
Vous n’avez pas pris ce quiz